01031cam a22002651i 4500001001300000003000400013005001700017008004100034010001700075035001900092040002800111042001200139050002200151086001600173100004100189245013200230260005000362300007300412490007400485500006400559504004100623650002700664650002500691830004900716gs 36000242 DLC20260227111341.0790402s1936 dcuabf 001 0 eng  ags 36000242  a(OCoLC)4812181 aDLCcCoU-DAdOCoLCdDLC apremarc00aQE75b.P9 no. 1820 aI 19.16:1821 aHollick, Charles Arthur,d1857-1933.14aThe Tertiary floras of Alaska /cby Arthur Hollick ; with a chapter on The geology of the Tertiary deposits by Philip S. Smith. aWashington :bU.S. Gov't. Print. Off.,c1936. aiii, 185 p. :b122 plates, fold map (part col., in pocket) ;c29 cm.1 aGeological Survey (U.S.). Geological Survey professional paper ;v182 aAt head of title: United States Department of the Interior. aIncludes bibliographical references. 0aPaleobotanyyTertiary. 0aPaleobotanyzAlaska. 0aGeological Survey professional paper ;v182.